| 000 | 00519nam a2200193 a 4500 | ||
|---|---|---|---|
| 001 | 41082 | ||
| 005 | 20180714015040.0 | ||
| 008 | 140415s1960 mx 000 0 spa d | ||
| 041 | _aspa | ||
| 082 |
_a304 _bBRO |
||
| 100 | 1 | _aBROWN, HARRISON | |
| 245 | 1 | 0 | _aEXAMEN DEL FUTURO |
| 250 | _a1a ed. | ||
| 260 |
_aMEXICO : _bFONDO DE CULTURA ECONOMICA, _c1960 |
||
| 300 | _a279 | ||
| 490 | _aSECCION DE OBRAS DE SOCIOLOGIA | ||
| 650 | 1 | 4 |
_aECOLOGIA HUMANA _xSOCIOLOGIA |
| 700 | 1 |
_aVILLEGAS, CARLOS _etr. |
|
| 999 |
_c41082 _d41082 |
||